| Tag |
First Indicator |
Second Indicator |
Subfields |
| LEADER |
00000cam a22000001a 4500 |
| 001 |
in00003648321 |
| 005 |
20190408152218.0 |
| 006 |
m o d f |
| 007 |
cr bn mmmapmmp |
| 008 |
970422s1862 dcu o f000 0 eng d |
| 035 |
|
|
|a ebd1909109462
|
| 040 |
|
|
|a UMI
|c UMI
|d UtOrBLW
|
| 086 |
0 |
|
|a T 11.2:St 2/2
|
| 099 |
|
|
|a T1102-27
|
| 245 |
0 |
0 |
|a Standard mean right-ascensions of circumpolar and time stars :
|b prepared for use of U.S. Coast Survey.
|
| 264 |
|
1 |
|a Washington :
|b U.S. Government Printing Office,
|c 1862.
|
| 300 |
|
|
|a 1 online resource (15 pages)
|
| 336 |
|
|
|a text
|b txt
|2 rdacontent
|
| 337 |
|
|
|a computer
|b c
|2 rdamedia
|
| 338 |
|
|
|a online resource
|b cr
|2 rdacarrier
|
| 500 |
|
|
|a Record is based on bibliographic data in ProQuest U.S. Executive Branch Documents, 1789-1909. Reuse except for individual research requires license from ProQuest, LLC.
|
| 533 |
|
|
|a Electronic reproduction.
|b [Bethesda, Md.] :
|c ProQuest,
|d 2012.
|e digital, PDF file.
|n ProQuest U.S. Executive Branch Documents, 1789-1909.
|n Mode of access: World Wide Web via ProQuest website.
|
| 538 |
|
|
|a System requirements: PDF reader software.
|
| 500 |
|
|
|a Electronic resource.
|
| 650 |
|
0 |
|a Stars
|v Catalogs.
|0 http://id.loc.gov/authorities/subjects/sh85127419
|
| 655 |
|
7 |
|a Electronic books.
|2 local
|
| 700 |
1 |
|
|a Bache, A. D.
|q (Alexander Dallas),
|d 1806-1867.
|0 http://id.loc.gov/authorities/names/n83030387
|
| 710 |
2 |
|
|a U.S. Coast and Geodetic Survey.
|0 http://id.loc.gov/authorities/names/n79066403
|
| 776 |
1 |
8 |
|i Microfiche version:
|t Standard mean right-ascensions of circumpolar and time stars
|o CIS US Exec MF T1102-27
|w (ProQuest)cis19010638
|
| 856 |
4 |
0 |
|u http://proxy.library.tamu.edu/login?url=http://congressional.proquest.com/congressional/docview/t66.d71.t1102-27
|z Connect to the full text of this electronic document
|t 0
|
| 998 |
|
|
|a cis19010638
|
| 999 |
f |
f |
|s e488c07a-9a52-3a33-8057-3ccb06426b12
|i 3be49857-0c69-3d74-b73d-36e8f5de0de2
|t 0
|
| 952 |
f |
f |
|a Texas A&M University
|b College Station
|c Electronic Resources
|d Available Online
|t 0
|h No information provided
|
| 998 |
f |
f |
|t 0
|l Available Online
|